| 000 | 00412nam a2200109Ia 4500 | ||
|---|---|---|---|
| 008 | 220216s9999 xx 000 0 und d | ||
| 100 | _aKrishnakumar A K | ||
| 245 | 0 | _aOptimizing resource use in rubber smallholdings | |
| 260 | _bThe Progress and Development of Rubber Small Holders: Proceedings of the Ninth Seminar, 9-11 November 2005, Cochin, India. pp. 83-90. | ||
| 650 | _aRubber smallholdings | ||
| 942 | _cJS | ||
| 999 |
_c64443 _d64443 |
||